Calculus with analytical geometry / (Record no. 13614)
[ view plain ]
| 000 -LEADER | |
|---|---|
| fixed length control field | 00484cam a2200181 i 4500 |
| 020 ## - INTERNATIONAL STANDARD BOOK NUMBER | |
| ISBN | 0030198569 |
| 040 ## - CATALOGING SOURCE | |
| Transcribing agency | DLC |
| 082 00 - DEWEY DECIMAL CLASSIFICATION NUMBER | |
| Classification number | 512 HOL 1978 A025 Or. |
| 100 1# - MAIN ENTRY--AUTHOR NAME | |
| Personal name | Youse, Bevan K. |
| 245 10 - TITLE STATEMENT | |
| Title | Calculus with analytical geometry / |
| 260 ## - PUBLICATION, DISTRIBUTION, ETC. (IMPRINT) | |
| Place of publication | New York : |
| Name of publisher | Holt, Rinehart and Winston, |
| Year of publication | c1978. |
| 300 ## - PHYSICAL DESCRIPTION | |
| Number of Pages | xiv, 769, [79] p. : |
| Other physical details | ill. ; |
| Dimensions | 26 cm. |
| 500 ## - GENERAL NOTE | |
| General note | Includes index. |
| 650 #0 - SUBJECT ADDED ENTRY--TOPICAL TERM | |
| Topical Term | Calculus. |
| 650 #0 - SUBJECT ADDED ENTRY--TOPICAL TERM | |
| Topical Term | Geometry, Analytic. |
| 700 1# - ADDED ENTRY--PERSONAL NAME | |
| Personal name | Hardy, F. Lane |
| 942 ## - ADDED ENTRY ELEMENTS (KOHA) | |
| Koha item type | សៀវភៅភាសាអង់គ្លេស |
| 952 ## - LOCATION AND ITEM INFORMATION (KOHA) | |
| Withdrawn status [LOCAL, KOHA] | 0 |
| Permanent Location | Date acquired | Koha item type | Lost status | Shelving location | Barcode | Current Location | Full call number |
|---|---|---|---|---|---|---|---|
| Library Block A | 2017-08-29 | សៀវភៅភាសាអង់គ្លេស | A025 | A16879 | Library Block A | 512 HOL 1978 A025 Or. |